00318nam a2200121Ia 4500008004100000041000800041082001400049100001500063245004500078260003200123300003000155365001100185240624s9999 xx 000 0 und d aeng a658.8 WEY aWEYMES PAT aCREATING CUSTOMERS HOW TO INCREASE SALES c2007aNew DelhibKogan Page avi, : 247 : p. : cm. ; 21 cRSb33